000 00625nam a2200193 ar4500
001 3691
005 20221127090807.0
008 140210s xxua 00110|eng d
020 _a9780137006700(pbk) :
_cSR270.00
082 0 4 _a658.8342
_bSch32 2010
_222
100 1 _aSchiffman, Leon G.
245 1 0 _aConsumer behavior /
_cL Schiffman, L. Kanuk ;in collaboration with Joseph Wisenblit.
250 _a10th ed.
260 _aBoston :
_bPearson,
_c2010.
300 _a592 p. :
_bcol. ill., ;
_c28 cm.
504 _aIncludes bibl. references and index.
650 4 _aConsumer behavior.
700 0 _aKanuk, Leslie Lazar,
_ejt. auth.
999 _c3689
_d3689